Terapia no convencional (Registro nro. 2026)

Detalles MARC
000 -CABECERA
campo de control de longitud fija 01171nam a2200265Ia 4500
003 - IDENTIFICADOR DEL NÚMERO DE CONTROL
campo de control AR-RoIUNI
005 - FECHA Y HORA DE LA ÚLTIMA TRANSACCIÓN
campo de control 20210830100132.0
008 - DATOS DE LONGITUD FIJA--INFORMACIÓN GENERAL
campo de control de longitud fija 150616s2012 ag r 000 0 spa d
020 ## - NÚMERO INTERNACIONAL ESTÁNDAR DEL LIBRO
Número Internacional Estándar del Libro 9789505181650
040 ## - FUENTE DE LA CATALOGACIÓN
Centro/agencia transcriptor AR-RoIUNI
080 ## - NÚMERO DE LA CLASIFICACIÓN DECIMAL UNIVERSAL
Número de la Clasificación Decimal Universal 159.9 HAL
100 1# - ENTRADA PRINCIPAL--NOMBRE DE PERSONA
Nombre de persona Haley, Jay.
245 10 - MENCIÓN DE TÍTULO
Título Terapia no convencional
Resto del título las técnicas psiquiátricas de Milton H. Erickson
Mención de responsabilidad, etc. Jay Haley ; [traducción Zoraida J. Valcarcel y Jorge Colapinto].
250 ## - MENCIÓN DE EDICIÓN
Mención de edición 2a. ed.
260 ## - PUBLICACIÓN, DISTRIBUCIÓN, ETC. (PIE DE IMPRENTA)
Lugar de publicación, distribución, etc. Buenos Aires
Nombre del editor, distribuidor, etc. Amorrortu
Fecha de publicación, distribución, etc. 2012.
300 ## - DESCRIPCIÓN FÍSICA
Extensión 333 p.
Dimensiones 23 cm.
505 2# - NOTA DE CONTENIDO CON FORMATO
Nota de contenido con formato 1. Terápia estratégica -- 2. El ciclo vital de la familia -- 3. El período del galanteo: modificación del adulto joven -- 4.Revisión caracterológica del adulto joven -- 5. El matrimonio y sus consecuencias -- 6. El nacimiento y el trato con los hijos -- 7. Matrimonio y dilemas familiares -- 8. El destete de los padres -- 9. El sufrimiento de la vejez.
600 ## - PUNTO DE ACCESO ADICIONAL DE MATERIA--NOMBRE DE PERSONA
Nombre de persona Erickson, Milton H.,
Fechas asociadas al nombre 1901-1980
Subdivisión general CRÍTICA E INTERPRETACIÓN
650 10 - PUNTO DE ACCESO ADICIONAL DE MATERIA--TÉRMINO DE MATERIA
Término de materia o nombre geográfico como elemento inicial Psicología
9 (RLIN) 108
650 10 - PUNTO DE ACCESO ADICIONAL DE MATERIA--TÉRMINO DE MATERIA
Término de materia o nombre geográfico como elemento inicial Psiquiatría
9 (RLIN) 237
650 #4 - PUNTO DE ACCESO ADICIONAL DE MATERIA--TÉRMINO DE MATERIA
Término de materia o nombre geográfico como elemento inicial PSICOTERAPIA FAMILIAR
650 #4 - PUNTO DE ACCESO ADICIONAL DE MATERIA--TÉRMINO DE MATERIA
Término de materia o nombre geográfico como elemento inicial PSICOTERAPIA DE PAREJA
650 #4 - PUNTO DE ACCESO ADICIONAL DE MATERIA--TÉRMINO DE MATERIA
Término de materia o nombre geográfico como elemento inicial HIPNOSIS
942 ## - ELEMENTOS DE PUNTO DE ACCESO ADICIONAL (KOHA)
Tipo de ítem Koha Libros
Fuente del sistema de clasificación o colocación Clasificación Decimal Universal
Existencias
Estado de retiro Estado de pérdida Fuente del sistema de clasificación o colocación Estado dañado Excepción de préstamo Código de colección Localización permanente Ubicación/localización actual Ubicación en estantería Fecha de adquisición Número de inventario Total de préstamos Renovaciones totales Signatura topográfica completa Código de barras Fecha visto por última vez Fecha del último préstamo Número de copia Precio válido a partir de Tipo de ítem Koha Fuente de adquisición
    Clasificación Decimal Universal     Psicología BIBLIOTECA RIOBAMBA BIBLIOTECA RIOBAMBA BIBLIOTECA RIOBAMBA 16/06/2015 2027 4 2 159.9 HAL 2027 04/10/2024 15/12/2023 1 16/06/2015 Libros  
    Clasificación Decimal Universal     Psicología BIBLIOTECA VENADO TUERTO BIBLIOTECA VENADO TUERTO BIBLIOTECA VENADO TUERTO 30/08/2021 6961     159.9 HAL 6961 30/08/2021     30/08/2021 Libros Compra